| 000 | 00629cam a2200193 i 4500 | ||
|---|---|---|---|
| 001 | 1336363 | ||
| 005 | 20250127105856.0 | ||
| 008 | 790320s1980 caua b 001 0 eng | ||
| 020 |
_a0818503416 : _c$10.95 |
||
| 050 | 0 | 0 |
_aHQ1181.U5 _bW62 |
| 082 | 0 | 0 |
_a305.4/2/0973 _219 |
| 245 | 0 | 0 |
_aWomen today : _ba multidisciplinary approach to women's studies / _cMary Anne Baker ... [et al.]. |
| 260 |
_aMonterey, Calif. : _bBrooks/Cole Pub. Co., _cc1980. |
||
| 300 |
_axi, 307 p. : _bill. ; _c24 cm. |
||
| 650 | 0 |
_aWomen's studies _zUnited States. |
|
| 650 | 0 |
_aFeminism _zUnited States. |
|
| 700 | 1 | _aBaker, Mary Anne. | |
| 942 |
_2lcc _cBK _n0 |
||
| 999 |
_c3095 _d3095 |
||